|
|
|
|
| LEADER |
01133nab a2200373 i 4500 |
| 001 |
acta19912 |
| 005 |
20210712093433.0 |
| 008 |
161015s1935 hu o 0|| hun d |
| 040 |
|
|
|a SZTE Egyetemi Kiadványok Repozitórium
|b hun
|
| 041 |
|
|
|a hun
|
| 100 |
1 |
|
|a Z. L.
|
| 245 |
1 |
0 |
|a Kérdések - feleletek
|h [elektronikus dokumentum] /
|c Z. L.
|
| 260 |
|
|
|c 1935
|
| 300 |
|
|
|a 56-58
|
| 490 |
0 |
|
|a Népünk és nyelvünk
|v 7
|
| 695 |
|
|
|a Nyelvtudomány, Néprajztudomány
|
| 700 |
0 |
1 |
|a Koczkás Sándor
|e aut
|
| 700 |
0 |
1 |
|a Kepets Imre
|e aut
|
| 700 |
0 |
2 |
|a Turai Kiss István
|e aut
|
| 700 |
0 |
2 |
|a Gál György
|e aut
|
| 700 |
0 |
2 |
|a Torma Gyula
|e aut
|
| 700 |
0 |
2 |
|a Halász Béla
|e aut
|
| 700 |
0 |
2 |
|a Orosz Miklós
|e aut
|
| 700 |
0 |
2 |
|a Moller Ágnes
|e aut
|
| 700 |
0 |
2 |
|a Kincs Elek
|e aut
|
| 700 |
0 |
2 |
|a Simon József
|e aut
|
| 700 |
0 |
2 |
|a Endre László
|e aut
|
| 700 |
0 |
2 |
|a Torma Lehel
|e aut
|
| 700 |
0 |
2 |
|a Rédei Imre
|e aut
|
| 700 |
0 |
2 |
|a Moller Pál
|e aut
|
| 700 |
0 |
2 |
|a Winkler György
|e aut
|
| 700 |
0 |
2 |
|a Turza Pál
|e aut
|
| 700 |
0 |
2 |
|a Szeghalmy Gyula
|e aut
|
| 856 |
4 |
0 |
|u http://acta.bibl.u-szeged.hu/19912/1/nepunk_007_056-058.pdf
|z Dokumentum-elérés
|